15 największych miast w woj. pomorskim - Statystyki

Ogólne statystyki
  • Ten quiz został rozwiązany 102 razy
  • Średni wynik to 11 z 15
Statystyki odpowiedzi
Hint Odpowiedź % Poprawnych
470 633 Gdańsk
100%
244 104 Gdynia
99%
35 049 Sopot
88%
48 735 Wejherowo
82%
37 898 Malbork
81%
89 180 Słupsk
80%
59 105 Tczew
77%
47 037 Starogard Gdański
75%
49 672 Rumia
73%
39 484 Chojnice
69%
26 838 Reda
67%
34 977 Lębork
64%
23 698 Kościerzyna
58%
38 179 Kwidzyn
58%
31 822 Pruszcz Gdański
56%
Nie znaleziono quizów pasujących do podanych kryteriów
Rozkład punktacji
Procent ludzi z każdym wynikiem
Percentyl według liczby udzielonych odpowiedzi
Twoja historia wyników
Nie rozwiązałeś tego quizu